000 00341 a2200157 4500
001 151734
040 _cEscola São Tomás de Aquino
100 _aEYRE,JANE.
240 1 0 _aCharlotte Bronte.
_lpor
245 1 0 _aCharlotte Bronte.
300 _a186
362 0 _a1996
440 1 _aEdiouro
697 _a*LITERATURA JUVENIL
942 _cBK
999 _c151734
_d151734